The essentials of biostatistics for physicians, nurses, and clinicians /

A fundamental and straightforward guide to using and understanding statistical concepts in medical research Designed specifically for healthcare practitioners who need to understand basic biostatistics but do not have much time to spare, The essentials of biostatistics for physicians, nurses, and cl...

Full description

Bibliographic Details
Main Author: Chernick, Michael R.
Format: eBook
Language:English
Published: Hoboken, N.J. : Wiley, [2011]
Subjects:
Online Access:Full Text via HEAL-Link
LEADER 05576nam a2200757 4500
001 ocn757394301
003 OCoLC
005 20170124071620.5
006 m o d
007 cr cnu---unuuu
008 111017s2011 njua ob 001 0 eng d
010 |z  2011002198 
040 |a N$T  |b eng  |e pn  |c N$T  |d CDX  |d IDEBK  |d UKMGB  |d E7B  |d YDXCP  |d UIU  |d DG1  |d REDDC  |d OCLCQ  |d DEBSZ  |d OCLCQ  |d OSU  |d TEFOD  |d OCLCF  |d NLGGC  |d DKDLA  |d OCLCQ  |d MHW  |d UKDOC  |d DEBBG  |d TEFOD  |d OCLCQ  |d COO  |d OCLCQ  |d AZK  |d LOA  |d OCLCO  |d OCLCA  |d GrThAP 
016 7 |a 015799041  |2 Uk 
019 |a 748534077  |a 755168800  |a 761319807  |a 811493664  |a 839313056  |a 957523614  |a 961618694  |a 962710012  |a 966208792 
020 |a 9781118071939  |q (electronic bk.) 
020 |a 111807193X  |q (electronic bk.) 
020 |a 9781118071953  |q (electronic bk.) 
020 |a 1118071956  |q (electronic bk.) 
020 |a 9781118071946  |q (electronic bk.) 
020 |a 1118071948  |q (electronic bk.) 
020 |z 9780470641859 
020 |z 0470641851 
024 8 |a 9786613239822 
029 1 |a AU@  |b 000049065155 
029 1 |a DEBBG  |b BV041911913 
029 1 |a DEBSZ  |b 372810306 
029 1 |a DEBSZ  |b 430989857 
029 1 |a DEBSZ  |b 449240479 
029 1 |a NLGGC  |b 338322760 
029 1 |a NZ1  |b 14527407 
029 1 |a DEBBG  |b BV043393559 
035 |a (OCoLC)757394301  |z (OCoLC)748534077  |z (OCoLC)755168800  |z (OCoLC)761319807  |z (OCoLC)811493664  |z (OCoLC)839313056  |z (OCoLC)957523614  |z (OCoLC)961618694  |z (OCoLC)962710012  |z (OCoLC)966208792 
037 |a 323982  |b MIL 
037 |a 8E4B03A6-D862-4BB3-BD22-B9E0586056C7  |b OverDrive, Inc.  |n http://www.overdrive.com 
050 4 |a QH323.5  |b .C484 2011eb 
060 4 |a WA 950 
072 7 |a NAT  |x 027000  |2 bisacsh 
072 7 |a SCI  |x 008000  |2 bisacsh 
072 7 |a SCI  |x 086000  |2 bisacsh 
082 0 4 |a 570.1/5195  |2 22 
084 |a 44.32  |2 bcl 
049 |a MAIN 
100 1 |a Chernick, Michael R. 
245 1 4 |a The essentials of biostatistics for physicians, nurses, and clinicians /  |c Michael R. Chernick. 
264 1 |a Hoboken, N.J. :  |b Wiley,  |c [2011] 
264 4 |c ©2011 
300 |a 1 online resource (x, 214 pages) :  |b illustrations 
336 |a text  |b txt  |2 rdacontent 
337 |a computer  |b c  |2 rdamedia 
338 |a online resource  |b cr  |2 rdacarrier 
504 |a Includes bibliographical references and indexes. 
505 0 |a The what, why, and how of biostatistics in medical research -- Sampling from populations -- Graphics and summary statistics -- Normal distribution and related properties -- Estimating means and proportions -- Hypothesis testing -- Correlation, regression, and logistic regression -- Contingency tables -- Nonparametric methods -- Survival analysis. 
588 0 |a Print version record. 
520 |a A fundamental and straightforward guide to using and understanding statistical concepts in medical research Designed specifically for healthcare practitioners who need to understand basic biostatistics but do not have much time to spare, The essentials of biostatistics for physicians, nurses, and clinicians presents important statistical methods used in today's biomedical research and provides insight on their appropriate application. Rather than provide detailed mathematics for each of these methods, the book emphasizes what healthcare practitioners need to know to interpret and incorporate the latest biomedical research into their practices. The author draws from his own experience developing and teaching biostatistics courses for physicians and nurses, offering a presentation that is non-technical and accessible. The book begins with a basic introduction to the relationship between biostatistics and medical research, asking the question "why study statistics?," while also exploring the significance of statisitcal methods in medical literature and clinical trials research. Subsequent chapters explore key topics, including: Correlation, regression, and logistic regression; Diagnostics; Estimating means and proportions; Normal distribution and the central limit theorem; Sampling from populations; Contingency tables; Meta-analysis; Nonparametric methods; Survival analysis. Throughout the book, statistical methods that are often utilized in biomedical research are outlined, including repeated measures analysis of variance, hazard ratios, contingency tables, log rank tests, bioequivalence, cross-over designs, selection bias, and group sequential methods. Exercise sets at the end of each chapter allow readers to test their comprehension of the presented concepts and techniques. The The essentials of biostatistics for physicians, nurses, and clinicians is an excellent reference for doctors, nurses, and other practicing clinicians in the fields of medicine, public health, pharmacy, and the life sciences who need to understand and apply statistical methods in their everyday work. It also serves as a suitable supplement for courses on biostatistics at the upper-undergraduate and graduate levels. 
650 0 |a Biometry. 
650 1 2 |a Biostatistics. 
650 7 |a NATURE  |x Reference.  |2 bisacsh 
650 7 |a SCIENCE  |x Life Sciences  |x Biology.  |2 bisacsh 
650 7 |a SCIENCE  |x Life Sciences  |x General.  |2 bisacsh 
650 7 |a Biometry.  |2 fast  |0 (OCoLC)fst00832611 
655 4 |a Electronic books. 
655 7 |a Electronic books.  |2 local 
776 0 8 |i Print version:  |a Chernick, Michael R.  |t Essentials of biostatistics for physicians, nurses, and clinicians.  |d Hoboken, N.J. : Wiley, ©2011  |z 9780470641859  |w (DLC) 2011002198  |w (OCoLC)697768683 
856 4 0 |u https://doi.org/10.1002/9781118071953  |z Full Text via HEAL-Link 
994 |a 92  |b DG1